000 00742nam a2200289Ia 4500
005 20260324122047.0
008 008 260324s9999 xx 000 0 eng d
020 _a9781315588919
037 _aEBOOK
040 _aCRL
040 _beng
040 _cCRL
041 _2eng
041 _aeng
084 _qCRL
100 _aRonnie Lessem; Alexander Schieffer; Samuel D. Rima
_91164954
245 0 _aIntegral Dynamics
245 0 _bPolitical Economy, Cultural Dynamics and the Future of the University
260 _bTaylor and Francis
260 _c2013
365 _a
365 _b255
856 _uhttp://www.taylorfrancis.com/books/9781315588919
942 _cEBOOK
999 _c1757428
_d1757428